000 01326nam0a22002891 4500
001 rc\3534963
005 20260407122653.0
021 _aRU
_b72-80804
021 _aRU
_bРг3163-73
035 _a(NLR Aleph) 007630616
090 _a6019666
_c6019666
100 _a20130115d1972 |||y0rusy50 ca
101 0 _arus
102 _aRU
105 _ay z |||||
200 1 _aВнутризаводской хозрасчет как средство повышения эффективности производства
_e(Цикл метод. разработок в помощь лектору)
_fКраснояр. краев. организация о-ва "Знание". Краев. совет профсоюзов. Науч.-метод. совет по пропаганде экон. знаний
210 _aКрасноярск
_cБ. и.
_d1972
215 _a54 с.
_d20
300 _aВ конце текста: подгот. Груш Д.Д.
320 _aБиблиогр.: с. 54
702 1 _aГруш
_bД.Д.
_gДина Даниловна
_4570
712 0 2 _a"Знание", общество РСФСР
_bКрасноярское краевое отделение
_3RU\NLR\AUTH\889959493
_9415159
801 0 _aRU
_bNLR
_gpsbo
801 1 _aRU
_bELAR
_2rusmarc
852 _aNLR
_j72-4/40600
942 _cBOOK
980 _aNB